000
00324 a2200157 4500
001
183169
020
_a
040
_c
Magnum
100
_a
Albernaz, Kenneth
240
1
0
_a
Terror no apartamento
_l
por
245
1
0
_a
Terror no apartamento
300
_a
60
362
0
_a
1986
697
_a
LITERATURA GERAL
942
_c
BK
999
_c
183169
_d
183169